Statistics for Count in Roman Numerals - 15 Second Sprint

Click here to take the quiz!

General Stats

  • This quiz has been taken 1,868 times
  • The average score is 15 of 25

Answer Stats

#% Correct
I
100%
II
99%
III
99%
IV
98%
V
97%
VI
97%
VII
94%
VIII
94%
IX
86%
X
85%
XI
83%
XII
79%
XIII
72%
XIV
61%
XV
55%
XVI
49%
XVII
42%
XVIII
36%
XIX
26%
XX
21%
XXI
15%
XXII
11%
XXIII
9%
XXIV
6%
XXV
5%

Score Distribution

Percentile by Number Answered

Percent of People with Each Score

Your Score History

You have not taken this quiz